书目信息 |
| 题名: |
保健食品工艺学
|
|
| 作者: | 范青生 主编 | |
| 分册: | ||
| 出版信息: | 北京 中国医药科技出版社 2006 |
|
| 页数: | 467页 | |
| 开本: | 23cm | |
| 丛书名: | 保健食品研究与开发系列 | |
| 单 册: | ||
| 中图分类: | TS218 | |
| 科图分类: | ||
| 主题词: | 疗效食品--食品加工 , 疗效食品 , 食品加工 | |
| 电子资源: | ||
| ISBN: | 7-5067-3500-8 | |
| 000 | 00971oam2 2200265 450 | |
| 001 | 1570797769 | |
| 005 | 20150130194018.54 | |
| 010 | @a7-5067-3500-8@dCNY48.00 | |
| 100 | @a20060104d2006 em y0chiy50 ea | |
| 101 | 0 | @achi |
| 102 | @aCN@b110000 | |
| 105 | @ay z 000yy | |
| 200 | 1 | @a保健食品工艺学@9bao jian shi pin gong yi xue@f范青生主编 |
| 210 | @a北京@c中国医药科技出版社@d2006 | |
| 215 | @a467页@d23cm | |
| 225 | 2 | @a保健食品研究与开发系列 |
| 330 | @a本书介绍了保健食品工艺学的概念、工艺设计与技术审评要点、生产技术、稳定性研究、包装、工艺学实验方法,并对常见的保健食品剂型(片剂、胶囊剂、保健糖果、蛋白粉、口服液、茶剂、饮料、颗粒剂、保健酒)生产工艺分别作了详细论述,并附有研发申报实例。 | |
| 461 | 0 | @12001 @a保健食品研究与开发系列 |
| 606 | 0 | @a疗效食品@x食品加工 |
| 606 | 0 | @a疗效食品 |
| 606 | 0 | @a食品加工 |
| 690 | @aTS218@v5 | |
| 701 | 0 | @a范青生@9fan qing sheng@f(1963.6~)@4主编 |
| 801 | 0 | @aCN@bTSSF@c20150130 |
| 905 | @aZUCC@dTS218@eJY177 | |
| 保健食品工艺学/范青生主编.-北京:中国医药科技出版社,2006 |
| 467页;23cm.-(保健食品研究与开发系列) |
| ISBN 7-5067-3500-8:CNY48.00 |
| 本书介绍了保健食品工艺学的概念、工艺设计与技术审评要点、生产技术、稳定性研究、包装、工艺学实验方法,并对常见的保健食品剂型(片剂、胶囊剂、保健糖果、蛋白粉、口服液、茶剂、饮料、颗粒剂、保健酒)生产工艺分别作了详细论述,并附有研发申报实例。 |
| ● |
| 相关链接 |
|
|
|
|
正题名:保健食品工艺学
索取号:TS218/JY177
 
预约/预借
| 序号 | 登录号 | 条形码 | 馆藏地/架位号 | 状态 | 备注 |
| 1 | 7862618 | 278626186 | 学院路分馆/ [索取号:TS218/JY177] | 在馆 | |
| 2 | 7862619 | 278626195 | 学院路分馆/ [索取号:TS218/JY177] | 在馆 |